[Event "World Blitz Women 2022"]
[Site "Almaty KAZ"]
[Date "2022.12.29"]
[Round "8.32"]
[White "Mammadova, Gulnar"]
[Black "Khamdamova, Afruza"]
[Result "0-1"]
[WhiteTitle "IM"]
[BlackTitle "WFM"]
[WhiteElo "2376"]
[BlackElo "2139"]
[WhiteFideId "13403508"]
[BlackFideId "14210444"]
[EventDate "2022.12.29"]

1. e4 e5 2. Nf3 Nf6 3. Nxe5 d6 4. Nf3 Nxe4 5. Bd3 Nf6 6. h3 d5 7. O-O Be7 8. c3
O-O 9. Bc2 c5 10. d4 Nc6 11. Bg5 c4 12. b3 b5 13. a4 Ba6 14. b4 h6 15. Bf4 Rc8
16. Nfd2 bxa4 17. Bxa4 Qb6 18. Na3 Bb7 19. Bc2 a5 20. bxa5 Nxa5 21. Rb1 Qd8 22.
Ra1 Bc6 23. Qf3 Re8 24. Be5 Ra8 25. Nab1 Bd6 26. Qf5 Bd7 27. Bxf6 Bxf5 28. Bxd8
Bxc2 29. Bxa5 Bd3 30. Rc1 Ra6 31. Nf1 Rea8 32. Nbd2 Rxa5 33. Rxa5 Rxa5 34. g3
Ra2 35. Nf3 Ba3 36. Rd1 Be2 37. Rd2 Rxd2 38. N3xd2 Bb2 39. Nb1 Bd3 40. Nfd2 f5
41. f4 Kf7 42. Kf2 Ke6 43. Kf3 g6 44. Ke3 h5 45. h4 Kd6 46. Kf3 Kc6 47. Ke3 Kb5
48. Kf3 Ka4 49. Ke3 Bxb1 50. Nxb1 Kb3 51. Nd2+ Kxc3 52. Nf3 Bc1+ 53. Ke2 Kb2 54.
Ne5 c3 55. Nd3+ Kb1 56. Nb4 Ba3 57. Nxd5 c2 58. Nc3+ Ka1 59. Kd3 c1=Q 60. d5
Qf1+ 61. Kd4 Bd6 62. Na4 Qd1+ 63. Kc3 Qxa4 64. g4 Bb4+ 65. Kd4 Qb5 66. gxf5 gxf5
67. Ke5 Bc3+ 68. Ke6 Qd3 69. d6 Bb4 70. d7 Qd6+ 71. Kxf5 Qxd7+ 72. Kg5 Qg4+ 73.
Kf6 Qxf4+ 74. Ke6 Bd6 75. Kd5 Qe5+ 76. Kc4 Qe4+ 77. Kc3 Bb4+ 78. Kb3 Bc5 79. Kc3
Kb1 80. Kd2 Bb4+ 81. Kd1 Qe1# 0-1

[Event "World Blitz Women 2022"]
[Site "Almaty KAZ"]
[Date "2022.12.29"]
[Round "8.33"]
[White "Machlik, Monika"]
[Black "Garifullina, Leya"]
[Result "0-1"]
[BlackTitle "IM"]
[WhiteElo "2114"]
[BlackElo "2357"]
[WhiteFideId "1513621"]
[BlackFideId "34127035"]
[EventDate "2022.12.29"]

1. d4 Nf6 2. c4 e6 3. Nc3 Bb4 4. Qc2 d5 5. a3 Bxc3+ 6. Qxc3 O-O 7. Bg5 c5 8.
dxc5 d4 9. Qg3 Nbd7 10. e3 Nxc5 11. Qe5 Qa5+ 12. Kd1 Qa4+ 13. Ke2 Qc2+ 14. Kf3
Nfe4 15. Bh4 d3 16. Nh3 b6 17. Nf4 Bb7 18. Kg4 Nxf2+ 19. Bxf2 Qxf2 20. Kh3 f6
21. Qc7 Qxe3+ 22. Kg4 Rac8 23. Qe7 Qe5 24. Nxd3 Qg5+ 25. Kh3 Rfe8 26. Qd6 Rcd8
27. Qf4 Nxd3 28. Qxg5 fxg5 29. Be2 Nf4+ 30. Kg4 Nxe2 0-1

[Event "World Blitz Women 2022"]
[Site "Almaty KAZ"]
[Date "2022.12.29"]
[Round "8.34"]
[White "Balakanova, Bakhyt"]
[Black "Nakhbayeva, Guliskhan"]
[Result "0-1"]
[WhiteTitle "WFM"]
[BlackTitle "IM"]
[WhiteElo "2005"]
[BlackElo "2326"]
[WhiteFideId "13705881"]
[BlackFideId "13704788"]
[EventDate "2022.12.29"]

1. e4 e6 2. d4 d5 3. exd5 exd5 4. Bd3 Nc6 5. c3 Bd6 6. h3 Nge7 7. Nf3 Bf5 8. O-O
O-O 9. Bg5 Qd7 10. Bxe7 Nxe7 11. Ne5 Qe6 12. Re1 Qh6 13. Qf3 Bxd3 14. Nxd3 c6
15. Ne5 f5 16. Re2 f4 17. Nd2 Nf5 18. Nf1 Nh4 19. Qg4 Rf5 20. Nf3 Nxf3+ 21. Qxf3
Raf8 22. Rae1 R5f6 23. Nh2 Qg5 24. Ng4 Rf5 25. Re6 Bb8 26. Re7 R5f7 27. R7e6 Qf5
28. Re7 h5 29. Rxf7 Rxf7 30. Ne5 Re7 31. Nd3 Rxe1+ 32. Nxe1 Qb1 33. Qe2 Bd6 34.
Qe8+ Bf8 35. Qe6+ Kh8 36. Qe2 g6 37. Kh2 Qxa2 38. Nf3 Qa5 39. Qe5+ Bg7 40. Qe8+
Kh7 41. Ne5 Bxe5 42. dxe5 Qc7 43. f3 Kg7 44. e6 Kf6 45. Qd7 Qxd7 46. exd7 Ke7
47. g3 fxg3+ 48. Kxg3 Kxd7 49. Kf4 Ke6 50. Kg5 Kf7 51. f4 c5 52. f5 gxf5 53.
Kxf5 d4 54. cxd4 cxd4 55. Ke4 Ke6 56. Kxd4 Kf5 57. Ke3 h4 58. b4 a6 59. Kf3 b6
60. Ke3 a5 0-1

[Event "World Blitz Women 2022"]
[Site "Almaty KAZ"]
[Date "2022.12.29"]
[Round "8.35"]
[White "Bayasgalan, Khishigbaatar"]
[Black "Lu, Miaoyi"]
[Result "1-0"]
[WhiteTitle "WCM"]
[WhiteElo "1811"]
[BlackElo "2399"]
[WhiteFideId "4904311"]
[BlackFideId "8618020"]
[EventDate "2022.12.29"]

1. d4 d5 2. Nc3 Nf6 3. Bg5 h6 4. Bxf6 exf6 5. Nf3 Bb4 6. e3 O-O 7. a3 Bxc3+ 8.
bxc3 c5 9. Be2 c4 10. O-O Nc6 11. a4 Re8 12. Nd2 f5 13. Bf3 Be6 14. Rb1 Qd7 15.
Nxc4 dxc4 16. d5 Ne5 17. dxe6 Qxe6 18. Bxb7 Rad8 19. Qe2 Rd7 20. Rfd1 Rb8 21.
Bf3 Rxb1 22. Rxb1 Qa6 23. Rb4 Qd6 24. h3 Kh7 25. g3 Qd2 26. Kg2 Qc1 27. Qf1
Qxf1+ 28. Kxf1 Nxf3 29. Ke2 Ne5 30. f4 Nc6 31. Rxc4 Rd6 32. Rc5 Kg6 33. c4 Kf6
34. c3 Ke6 35. g4 g6 36. Kf3 fxg4+ 37. hxg4 a6 38. f5+ gxf5 39. gxf5+ Kf6 40.
Kf4 Ne7 41. e4 Rc6 42. e5+ Kg7 43. f6+ Rxf6+ 44. exf6+ Kxf6 45. Ra5 Ng6+ 46. Kg3
Ne5 47. Rxa6+ Kg5 48. c5 f5 49. c6 f4+ 50. Kf2 Nd3+ 51. Ke2 Nc5 52. c7 Nxa6 53.
c8=Q 1-0

[Event "World Blitz Women 2022"]
[Site "Almaty KAZ"]
[Date "2022.12.29"]
[Round "8.36"]
[White "Enkhtuul, Altan-Ulzii"]
[Black "Druzhinina, Olga"]
[Result "0-1"]
[WhiteTitle "WGM"]
[WhiteElo "2285"]
[BlackElo "2245"]
[WhiteFideId "4901444"]
[BlackFideId "4141911"]
[EventDate "2022.12.29"]

1. d4 Nf6 2. Nf3 g6 3. Bf4 Bg7 4. e3 O-O 5. c3 d5 6. Be2 b6 7. O-O c5 8. Nbd2
Nc6 9. h3 Bb7 10. a4 Nd7 11. Bg5 h6 12. Bh4 Qe8 13. c4 dxc4 14. Nxc4 cxd4 15.
exd4 Nf6 16. Nce5 Rd8 17. Bc4 Kh7 18. Re1 Nxe5 19. Nxe5 e6 20. Bb5 Qe7 21. Bd3
Qd6 22. Nf3 Bxf3 23. Qxf3 Qxd4 24. Red1 Qxh4 25. a5 Nd5 26. g3 Qb4 27. axb6 Qxb6
28. Ra6 Qxb2 29. Rxa7 Qf6 30. Qg4 Nc3 31. Rd2 Kg8 32. Kg2 Qd4 33. Qxd4 Rxd4 34.
Rc7 Rd5 35. Rc4 Rfd8 36. Rb2 Rxd3 37. Rb7 R3d7 38. Rb6 Nd1 39. Rb3 Rd3 40. Rb7
R8d7 41. Rb8+ Kh7 42. Rb1 Rd2 43. Rf4 h5 44. h4 Be5 45. Rf3 Kg7 46. Rbb3 Nc3 47.
Ra3 Rc2 48. Ra5 Bf6 49. Ra3 Rdd2 50. Rb3 Ne4 51. Rbe3 Nxf2 52. Kf1 Ng4 53. Rf4
Nxe3+ 54. Kg1 Rc1+ 0-1

[Event "World Blitz Women 2022"]
[Site "Almaty KAZ"]
[Date "2022.12.29"]
[Round "8.37"]
[White "Nasybullina, Alfia"]
[Black "Maltsevskaya, Aleksandra"]
[Result "0-1"]
[WhiteTitle "WIM"]
[BlackTitle "IM"]
[WhiteElo "2027"]
[BlackElo "2400"]
[WhiteFideId "4132416"]
[BlackFideId "24174041"]
[EventDate "2022.12.29"]

1. Nf3 Nf6 2. g3 g6 3. Bg2 d6 4. O-O Bg7 5. d3 e5 6. e4 O-O 7. Nbd2 c5 8. Nc4
Nc6 9. Ne3 h6 10. c3 Ng4 11. Nd5 f5 12. exf5 gxf5 13. Nh4 Nf6 14. f4 Be6 15. Ne3
Ne7 16. fxe5 dxe5 17. Nhxf5 Qd7 18. Nxe7+ Qxe7 19. Nf5 Bxf5 20. Rxf5 Rad8 21.
Qf1 c4 22. dxc4 Ng4 23. Bd5+ Kh8 24. h3 Qc5+ 25. Kg2 Rxf5 26. Qxf5 Rf8 27. Bf7
Nf6 28. Be6 Ne4 29. Bf7 Nd6 30. Qf2 Qxf2+ 31. Kxf2 Rxf7+ 32. Kg2 Nxc4 33. b3 Nd6
34. Be3 e4 35. Rc1 b6 36. c4 Nf5 37. Bf4 Rd7 38. Re1 Re7 39. g4 Nd4 40. Re3 Kh7
41. h4 Bf6 42. Kg3 Kg6 43. Re1 Bxh4+ 0-1

[Event "World Blitz Women 2022"]
[Site "Almaty KAZ"]
[Date "2022.12.29"]
[Round "8.38"]
[White "Mkrtchyan, Mariam"]
[Black "Hajiyeva, Laman"]
[Result "1-0"]
[WhiteTitle "WIM"]
[BlackTitle "WFM"]
[WhiteElo "2364"]
[BlackElo "2135"]
[WhiteFideId "13310828"]
[BlackFideId "13415875"]
[EventDate "2022.12.29"]

1. d4 d5 2. c4 c6 3. Nf3 Nf6 4. Qb3 dxc4 5. Qxc4 Bf5 6. g3 e6 7. Bg2 Be7 8. O-O
O-O 9. e3 Nbd7 10. Nc3 b5 11. Qe2 b4 12. Na4 Qa5 13. b3 Qb5 14. Re1 Rac8 15. Bb2
Bd3 16. Qd1 c5 17. dxc5 Nxc5 18. Ne5 Bf5 19. Nxc5 Bxc5 20. Rc1 Rfd8 21. Qe2 Qa5
22. Ba1 Ne4 23. Red1 Rxd1+ 24. Rxd1 Nc3 25. Bxc3 bxc3 26. e4 Bg6 27. Nc4 Qa6 28.
Qc2 Bb4 29. a3 Ba5 30. Rd6 Qb5 31. Bf1 h6 32. Rd1 Qh5 33. Be2 Qg5 34. h4 Qc5 35.
b4 Bxb4 36. axb4 Qxb4 37. Rc1 Qb7 38. f3 Qc6 39. Qxc3 f5 40. exf5 Bxf5 41. Qd4
e5 42. Qxe5 Be6 43. Kg2 Kh8 44. Qf4 Qc5 45. Qe4 Bd5 46. Qf4 Rf8 47. Qg4 Qc6 48.
Rf1 a5 49. Ne5 Qc2 50. Ng6+ Kg8 51. Ne7+ Kh8 52. Nxd5 Qxe2+ 53. Rf2 Qe5 54. Nf4
Kg8 55. Ng6 1-0

[Event "World Blitz Women 2022"]
[Site "Almaty KAZ"]
[Date "2022.12.29"]
[Round "8.39"]
[White "Shukhman, Anna"]
[Black "Bauyrzhan, Arnash"]
[Result "1-0"]
[WhiteTitle "WFM"]
[WhiteElo "2161"]
[BlackElo "2041"]
[WhiteFideId "54180058"]
[BlackFideId "13706322"]
[EventDate "2022.12.29"]

1. e4 c5 2. Nf3 e6 3. d4 cxd4 4. Nxd4 a6 5. Bd3 Nf6 6. O-O Qc7 7. Qe2 d6 8. c4
Nbd7 9. Nc3 b6 10. f4 Bb7 11. Be3 Nc5 12. Bd2 Nxd3 13. Qxd3 Be7 14. Rae1 Nd7 15.
Nd5 Qd8 16. Nxe7 Qxe7 17. Nf5 exf5 18. exf5 Ne5 19. fxe5 dxe5 20. Qe3 O-O 21.
Qxe5 Qd7 22. Bc3 f6 23. Qe6+ Rf7 24. Qxb6 Rc8 25. b3 Rc6 26. Qe3 Rc8 27. Rf2 Qc6
28. Qe6 1-0

[Event "World Blitz Women 2022"]
[Site "Almaty KAZ"]
[Date "2022.12.29"]
[Round "8.40"]
[White "Petrova, Irina"]
[Black "Serikbay, Assel"]
[Result "1-0"]
[WhiteTitle "WIM"]
[BlackTitle "WIM"]
[WhiteElo "2123"]
[BlackElo "2230"]
[WhiteFideId "14124122"]
[BlackFideId "13706799"]
[EventDate "2022.12.29"]

1. e4 c5 2. Nf3 d6 3. Bb5+ Nd7 4. O-O a6 5. Bxd7+ Bxd7 6. d4 cxd4 7. Qxd4 Nf6 8.
a4 Qc7 9. c4 Rc8 10. b3 e6 11. Nc3 Be7 12. Rd1 O-O 13. Ba3 Bc6 14. Nd2 Rfd8 15.
Nf1 d5 16. Bxe7 Qxe7 17. exd5 exd5 18. c5 Bd7 19. b4 Be6 20. Ng3 Qc7 21. a5 Re8
22. Na4 Bd7 23. Nb6 Rcd8 24. Re1 Qc6 25. Rad1 Be6 26. h3 h6 27. Ne2 Bf5 28. Qf4
Be4 29. Nd4 1-0

[Event "World Blitz Women 2022"]
[Site "Almaty KAZ"]
[Date "2022.12.29"]
[Round "8.41"]
[White "Kirchei, Viktoriia"]
[Black "Nomindalai, Tumurbaatar"]
[Result "0-1"]
[WhiteTitle "WFM"]
[BlackTitle "CM"]
[WhiteElo "2070"]
[BlackElo "2132"]
[WhiteFideId "34133396"]
[BlackFideId "4904095"]
[EventDate "2022.12.29"]

1. e4 c5 2. Nf3 Nc6 3. Bb5 g6 4. Bxc6 dxc6 5. d3 Bg7 6. h3 Nf6 7. Nc3 Nd7 8. Be3
b6 9. Qd2 e5 10. a4 a5 11. Ne2 h6 12. Ng3 Nf8 13. c3 Ne6 14. Rd1 Ba6 15. h4 h5
16. Ne2 Qc7 17. d4 Rd8 18. d5 cxd5 19. exd5 Bc4 20. d6 Qc6 21. Bg5 Rd7 22. Qe3
Rxd6 23. O-O O-O 24. Nxe5 Bxe5 25. Qxe5 Rxd1 26. Rxd1 Nxg5 27. hxg5 Re8 28. Rd6
Rxe5 29. Rxc6 Rxe2 30. Rxb6 Kg7 31. Rc6 Rxb2 32. Rxc5 Rb1+ 33. Kh2 Bb3 34. Rxa5
Ra1 35. Rb5 Bxa4 36. Ra5 Ra2 37. c4 Bb3 38. Rc5 Rc2 39. Rb5 Bxc4 40. Rc5 Bd3 41.
Rd5 Bf5 42. f3 h4 43. Rd4 h3 44. f4 hxg2 45. Kg1 Bh3 46. Kh2 Rc1 0-1

[Event "World Blitz Women 2022"]
[Site "Almaty KAZ"]
[Date "2022.12.29"]
[Round "8.42"]
[White "Schulze, Lara"]
[Black "Kaldarova, Ayaulym"]
[Result "1/2-1/2"]
[WhiteTitle "FM"]
[WhiteElo "2284"]
[BlackElo "1832"]
[WhiteFideId "12956830"]
[BlackFideId "13720503"]
[EventDate "2022.12.29"]

1. e4 d6 2. d4 Nf6 3. Nc3 e5 4. Nge2 exd4 5. Nxd4 Be7 6. g3 O-O 7. Bg2 c6 8. a4
a5 9. O-O Na6 10. h3 Re8 11. g4 Bf8 12. Bf4 Nc5 13. Re1 Bd7 14. Qd2 Qb6 15. b3
Rad8 16. Rad1 Bc8 17. Bg3 d5 18. exd5 Rxe1+ 19. Rxe1 cxd5 20. Bh4 Nce4 21. Nxe4
dxe4 22. c3 Bc5 23. Bxf6 Qxf6 24. Rxe4 Be6 25. Qe2 Bxd4 26. Rxd4 Rxd4 27. cxd4
Qxd4 28. Bxb7 Qd7 29. Bg2 Bxb3 30. Qe5 Bxa4 31. Qxa5 Qd1+ 32. Kh2 Qd6+ 33. Kg1
Qd1+ 34. Kh2 Qd6+ 35. Kg1 1/2-1/2

[Event "World Blitz Women 2022"]
[Site "Almaty KAZ"]
[Date "2022.12.29"]
[Round "8.43"]
[White "Foudzi, Siti Zulaikha"]
[Black "Kaliakhmet, Elnaz"]
[Result "0-1"]
[WhiteTitle "WIM"]
[BlackTitle "WFM"]
[WhiteElo "2136"]
[BlackElo "1786"]
[WhiteFideId "5700965"]
[BlackFideId "13730169"]
[EventDate "2022.12.29"]

1. e4 c5 2. Nc3 Nc6 3. Nge2 g6 4. g3 Bg7 5. Bg2 e6 6. f4 d6 7. O-O Nge7 8. d3
O-O 9. Be3 Nd4 10. h3 f5 11. Kh2 Rb8 12. a4 Bd7 13. g4 e5 14. gxf5 gxf5 15. Nd5
Nxd5 16. exd5 Qe7 17. Ng3 Rbe8 18. c3 Ne2 19. Nxe2 exf4 20. Bxf4 Qxe2 21. Qxe2
Rxe2 22. Bxd6 Rfe8 23. Rab1 Bxa4 24. Bxc5 Bc2 25. Ra1 Bxd3 26. Rf2 Rxf2 27. Bxf2
Re2 28. Kg1 Rxb2 29. Rxa7 Rb1+ 30. Kh2 Be5+ 31. Bg3 f4 32. Ra8+ Kf7 33. Bh4 f3+
34. Bg3 fxg2 35. Kxg2 Be4+ 36. Kf2 Bxg3+ 37. Kxg3 Bxd5 38. Kf4 Rb3 39. Ke5 Bc6
40. Rh8 Kg7 41. Rd8 Rxc3 42. h4 Rc5+ 43. Kf4 Rc4+ 44. Kg5 h6+ 45. Kf5 Rxh4 46.
Rc8 Bd7+ 0-1

[Event "World Blitz Women 2022"]
[Site "Almaty KAZ"]
[Date "2022.12.29"]
[Round "8.44"]
[White "Sultanbek, Zeinep"]
[Black "Kairbekova, Amina"]
[Result "0-1"]
[WhiteTitle "WIM"]
[BlackTitle "WIM"]
[WhiteElo "1891"]
[BlackElo "2209"]
[WhiteFideId "13710419"]
[BlackFideId "13712799"]
[EventDate "2022.12.29"]

1. Nf3 Nf6 2. g3 g6 3. Bg2 Bg7 4. O-O O-O 5. c4 c5 6. Nc3 Nc6 7. d4 d6 8. d5 Na5
9. Nd2 e6 10. e4 exd5 11. cxd5 Re8 12. Qc2 Bd7 13. a4 a6 14. Nb3 b5 15. axb5
axb5 16. Bf4 b4 17. Nxa5 Rxa5 18. Rxa5 Qxa5 19. Nd1 Qa6 20. Ne3 Nh5 21. b3 Bb5
22. Rd1 Ra8 23. Ng4 Nxf4 24. gxf4 Be2 25. Ne3 Bxd1 26. Nxd1 Qa1 27. Bf1 Ra2 28.
Qd3 Qd4 29. Qf3 Ra1 30. Ne3 Re1 31. Kg2 Rb1 32. Bc4 Qd2 33. f5 Bd4 34. f6 Bxe3
35. Qxe3 Qxe3 36. fxe3 Rc1 37. Kf3 Rxc4 38. e5 Rc2 39. e6 fxe6 40. dxe6 Kf8 41.
Ke4 Rd2 42. h4 h5 43. Kf4 Rd3 44. Kg5 Rxe3 45. e7+ Kf7 46. Kh6 Re6 47. Kg5 Rxf6
48. e8=Q+ Kxe8 49. Kxf6 c4 50. Kxg6 cxb3 51. Kxh5 b2 52. Kh6 b1=Q 0-1

[Event "World Blitz Women 2022"]
[Site "Almaty KAZ"]
[Date "2022.12.29"]
[Round "8.45"]
[White "Mikhaylova, Irina"]
[Black "Chen, Jocelyn"]
[Result "0-1"]
[WhiteTitle "WGM"]
[BlackTitle "WCM"]
[WhiteElo "2257"]
[BlackElo "1854"]
[WhiteFideId "4109040"]
[BlackFideId "30947154"]
[EventDate "2022.12.29"]

1. d4 Nf6 2. Nf3 e6 3. c4 d5 4. Bg5 Be7 5. e3 h6 6. Bh4 O-O 7. Nc3 b6 8. Qc2 Bb7
9. Rd1 Nbd7 10. Be2 Ne4 11. Bg3 Nxg3 12. hxg3 Bf6 13. cxd5 exd5 14. O-O Qe7 15.
Qa4 c5 16. Ba6 Bxa6 17. Nxd5 Qd6 18. Nxf6+ Nxf6 19. Qxa6 Rfd8 20. Qe2 Rac8 21.
dxc5 Qxc5 22. Nd4 Nd5 23. a3 a5 24. Qg4 Kh8 0-1

[Event "World Blitz Women 2022"]
[Site "Almaty KAZ"]
[Date "2022.12.29"]
[Round "8.46"]
[White "Mikheeva, Galina"]
[Black "Assylkhan, Asiya"]
[Result "1-0"]
[WhiteTitle "WFM"]
[WhiteElo "1969"]
[BlackElo "1430"]
[WhiteFideId "44108320"]
[BlackFideId "13752707"]
[EventDate "2022.12.29"]

1. e4 c6 2. Nf3 d5 3. d3 Bg4 4. Be2 e6 5. O-O Nd7 6. Bf4 Ne7 7. Nc3 Ng6 8. Bg3
d4 9. Nxd4 Bxe2 10. Ndxe2 Be7 11. d4 O-O 12. Nf4 Nxf4 13. Bxf4 Nf6 14. Re1 Bb4
15. a3 Ba5 16. b4 Bb6 17. Be3 a6 18. Qd3 Qd7 19. Rad1 Rad8 20. Na4 Bc7 21. Nc5
Qc8 22. Bg5 e5 23. Bxf6 gxf6 24. c3 exd4 25. cxd4 a5 26. Re3 axb4 27. axb4 b6
28. Nb3 Qe6 29. Rh3 1-0

[Event "World Blitz Women 2022"]
[Site "Almaty KAZ"]
[Date "2022.12.29"]
[Round "8.47"]
[White "Martins de Aguiar, Marina"]
[Black "Borisova, Ekaterina"]
[Result "0-1"]
[BlackTitle "FM"]
[WhiteElo "1877"]
[BlackElo "2223"]
[WhiteFideId "2143321"]
[BlackFideId "34124184"]
[EventDate "2022.12.29"]

1. e4 e5 2. d4 exd4 3. Qxd4 Nc6 4. Qe3 Nf6 5. Nc3 Bb4 6. Bd2 O-O 7. O-O-O d6 8.
f3 a5 9. g4 Be6 10. Kb1 a4 11. a3 Bc5 12. Qe1 Ne5 13. h4 Nc4 14. Bxc4 Bxc4 15.
h5 Nd7 16. g5 b5 17. g6 h6 18. gxf7+ Rxf7 19. Nd5 Bxd5 20. exd5 Qf6 21. Bc3 Qf5
22. Qd2 Nb6 23. Bd4 Nc4 24. Qc3 Bxd4 25. Qxd4 Re8 26. Rh2 Qe5 27. Qxe5 Rxe5 28.
Rh4 Rff5 29. Nh3 Rxd5 30. Rg1 Nd2+ 31. Ka2 Nxf3 32. Rf1 0-1

[Event "World Blitz Women 2022"]
[Site "Almaty KAZ"]
[Date "2022.12.29"]
[Round "8.48"]
[White "Samaganova, Aleksandra"]
[Black "Balakanova, Gulnar"]
[Result "0-1"]
[WhiteTitle "WFM"]
[BlackTitle "WFM"]
[WhiteElo "1884"]
[BlackElo "1743"]
[WhiteFideId "13800221"]
[BlackFideId "13705890"]
[EventDate "2022.12.29"]

1. c4 Nf6 2. Nc3 g6 3. g3 Bg7 4. Bg2 O-O 5. e3 c6 6. Nge2 d5 7. cxd5 cxd5 8. d4
Nc6 9. O-O h6 10. h3 Kh7 11. a3 Be6 12. b4 a6 13. Rb1 Qd7 14. Kh2 Rad8 15. b5
axb5 16. Nxb5 Ne4 17. Nf4 Rb8 18. Bb2 f5 19. Nd3 Ng5 20. Nc5 Qc8 21. Nxe6 Qxe6
22. Nc7 Qd6 23. Nxd5 Ne4 24. Nf4 g5 25. Nd3 Nf6 26. Ne5 Nd7 27. Nc4 Qe6 28. Qc2
Qf7 29. Qd3 Nd8 30. d5 Bxb2 31. Rxb2 Qf6 32. Rfb1 Ne5 33. Nxe5 Qxe5 34. Rb6 Kg7
35. Qb3 f4 36. exf4 gxf4 37. Qd3 fxg3+ 38. fxg3 Rf5 39. Rf1 Rg5 40. Rf2 Nf7 41.
Rbb2 Nd6 42. Qb3 0-1

[Event "World Blitz Women 2022"]
[Site "Almaty KAZ"]
[Date "2022.12.29"]
[Round "8.49"]
[White "Madi, Aidana"]
[Black "Kim, Kristina"]
[Result "1/2-1/2"]
[BlackTitle "WCM"]
[WhiteElo "1583"]
[BlackElo "1930"]
[WhiteFideId "13722689"]
[BlackFideId "13712438"]
[EventDate "2022.12.29"]

1. e4 Nf6 2. e5 Nd5 3. d4 d6 4. c4 Nb6 5. f4 dxe5 6. fxe5 Bf5 7. Nf3 e6 8. Nc3
Nc6 9. Be3 Be7 10. Be2 O-O 11. O-O Qd7 12. Qd2 Rad8 13. Rad1 f6 14. exf6 Bxf6
15. c5 Nd5 16. Nxd5 exd5 17. Bd3 Bxd3 18. Qxd3 Rfe8 19. Bg5 Re4 20. Bxf6 gxf6
21. Rde1 Rde8 22. Qd2 Qg4 23. Rxe4 Rxe4 24. Re1 Kg7 25. h3 Rxe1+ 26. Qxe1 Qe4
27. Qg3+ Kh6 28. Qxc7 Nxd4 29. Nxd4 Qxd4+ 30. Kh2 Qe4 31. Qc8 d4 32. Qf8+ Kg6
33. Qg8+ Kh6 34. Qf8+ Kg6 35. Qg8+ Kh6 36. Qf8+ Kg6 37. Qg8+ Kh6 38. Qf8+ Kg6
39. Qg8+ Kh6 40. Qf8+ Kg6 41. Qg8+ Kh6 42. Qf8+ Kg6 43. Qg8+ Kh6 44. Qf8+ Kg6 1/2-1/2

[Event "World Blitz Women 2022"]
[Site "Almaty KAZ"]
[Date "2022.12.29"]
[Round "9.1"]
[White "Gunina, Valentina"]
[Black "Goryachkina, Aleksandra"]
[Result "1/2-1/2"]
[WhiteTitle "GM"]
[BlackTitle "GM"]
[WhiteElo "2476"]
[BlackElo "2584"]
[WhiteFideId "4167570"]
[BlackFideId "4147103"]
[EventDate "2022.12.29"]

1. d4 d5 2. c4 c6 3. Nc3 Nf6 4. e3 e6 5. Nf3 Nbd7 6. Be2 Bd6 7. O-O O-O 8. b3 b6
9. Bb2 Bb7 10. Bd3 h6 11. Re1 Re8 12. e4 dxe4 13. Nxe4 Nxe4 14. Bxe4 Nf6 15. Bc2
c5 16. Qd3 cxd4 17. Nxd4 Bb4 18. Re3 e5 19. Nf5 Qxd3 20. Bxd3 Rad8 21. Be2 Bc5
22. Rxe5 Rxe5 23. Bxe5 Rd2 24. Kf1 Bxg2+ 25. Kxg2 Rxe2 26. Bd4 Bxd4 27. Nxd4 Rd2
28. Nc6 a5 29. Kf3 g5 30. Ne7+ Kg7 31. Nc8 Nd7 32. Ke3 Rb2 33. Rd1 Nc5 34. Rd2
Rxd2 35. Kxd2 Nd7 36. Ke3 Kf6 37. Kd4 Ke6 38. a3 f5 39. b4 axb4 40. axb4 h5 41.
Na7 h4 42. Nb5 g4 43. Nc7+ Kd6 44. Nd5 Ke6 45. b5 Kd6 46. Nxb6 Nxb6 47. c5+ Kd7
48. cxb6 f4 49. Ke4 g3 50. fxg3 fxg3 51. hxg3 hxg3 52. Kf3 Kc8 53. Kxg3 1/2-1/2

[Event "World Blitz Women 2022"]
[Site "Almaty KAZ"]
[Date "2022.12.29"]
[Round "9.2"]
[White "Harika, Dronavalli"]
[Black "Shuvalova, Polina"]
[Result "0-1"]
[WhiteTitle "GM"]
[BlackTitle "IM"]
[WhiteElo "2507"]
[BlackElo "2502"]
[WhiteFideId "5015197"]
[BlackFideId "24171760"]
[EventDate "2022.12.29"]

1. c4 e6 2. g3 d5 3. Bg2 Nf6 4. Nf3 Be7 5. O-O O-O 6. b3 b6 7. Bb2 Bb7 8. e3 c5
9. Nc3 Qc8 10. Qe2 Rd8 11. d3 Nc6 12. Rac1 d4 13. exd4 Nxd4 14. Nxd4 Bxg2 15.
Kxg2 Rxd4 16. Ne4 Rd7 17. Bxf6 Bxf6 18. Nxf6+ gxf6 19. Qg4+ Kh8 20. Qf3 Kg7 21.
Qg4+ Kh8 22. Qf3 Qd8 23. Rcd1 Rc8 24. Rfe1 f5 25. Re3 Qf6 26. Kh1 Rcd8 27. Kg2
Rd4 28. Re2 R8d7 29. Kg1 Qd8 30. Red2 Kg7 31. Qe3 Qf6 32. Re2 f4 33. gxf4 Rxf4
34. Kh1 Rg4 35. Qe5 Qxe5 36. Rxe5 Rgd4 37. Re3 R7d6 38. Kg2 f5 39. Kf1 Rh4 40.
h3 Kf6 41. Ke2 f4 42. Re4 e5 43. Rh1 Kf5 44. f3 Rdh6 45. Kd2 Rxh3 46. Rhe1 Re6
47. b4 Rxf3 48. bxc5 bxc5 49. Rh1 Rxd3+ 50. Kxd3 Rd6+ 51. Ke2 Kxe4 52. Rxh7 Ra6 0-1

[Event "World Blitz Women 2022"]
[Site "Almaty KAZ"]
[Date "2022.12.29"]
[Round "9.3"]
[White "Kosteniuk, Alexandra"]
[Black "Lagno, Kateryna"]
[Result "1-0"]
[WhiteTitle "GM"]
[BlackTitle "GM"]
[WhiteElo "2520"]
[BlackElo "2563"]
[WhiteFideId "4128125"]
[BlackFideId "14109336"]
[EventDate "2022.12.29"]

1. e4 e5 2. Nf3 Nc6 3. Bc4 d6 4. d4 Nf6 5. dxe5 dxe5 6. Qxd8+ Nxd8 7. Nxe5 Bd6
8. Nd3 Nxe4 9. O-O Be6 10. Bxe6 Nxe6 11. Re1 N4c5 12. Nxc5 Bxc5 13. Nc3 O-O-O
14. Ne4 Bb6 15. c3 Rhe8 16. Kf1 h6 17. Ng3 Rd3 18. Nf5 Red8 19. Be3 Bxe3 20.
fxe3 c5 21. Rac1 h5 22. Ng3 g6 23. Ne4 c4 24. Rc2 Kc7 25. Nf2 R3d5 26. b3 b5 27.
bxc4 bxc4 28. Rb2 Rd2 29. Re2 R2d5 30. Rb4 Rc5 31. Reb2 Kc6 32. Ne4 Re5 33.
Rxc4+ Kd5 34. Rbb4 a5 35. Rd4+ Kc6 36. Rbc4+ Kb5 37. a4+ Kb6 38. Rxd8 Nxd8 39.
Ke2 Ne6 40. Nd2 f5 41. Rh4 f4 42. Nc4+ 1-0

[Event "World Blitz Women 2022"]
[Site "Almaty KAZ"]
[Date "2022.12.29"]
[Round "9.4"]
[White "Danielian, Elina"]
[Black "Tan, Zhongyi"]
[Result "0-1"]
[WhiteTitle "GM"]
[BlackTitle "GM"]
[WhiteElo "2431"]
[BlackElo "2518"]
[WhiteFideId "13300210"]
[BlackFideId "8603642"]
[EventDate "2022.12.29"]

1. d4 Nf6 2. Bg5 d5 3. Bxf6 exf6 4. e3 c6 5. c4 Bb4+ 6. Nc3 dxc4 7. Bxc4 O-O 8.
Qc2 Nd7 9. Nf3 Nb6 10. Bd3 g6 11. O-O Bg4 12. Nd2 Re8 13. a3 Bf8 14. Rfe1 a5 15.
Nc4 Be6 16. Nxb6 Qxb6 17. Ne4 Be7 18. Rac1 a4 19. Qc3 f5 20. Nc5 Bxc5 21. Qxc5
Qd8 22. Bf1 Bd5 23. Qb4 Qd7 24. Bc4 Be4 25. Red1 h5 26. Bd3 Bd5 27. Bc4 Be4 28.
Bd3 Bxd3 29. Rxd3 Re4 30. Qd2 Rae8 31. h3 Qd5 32. Rc5 Qa2 33. Rc1 f4 34. exf4 0-1